Educacao geográfica: teorias e práticas docentes
Uloženo v:
| Hlavní autor: | |
|---|---|
| Médium: | Kniha |
| Jazyk: | portugalština |
| Vydáno: |
Sao Paulo
Contexto
2017
|
| Vydání: | 3a. ed |
| Edice: | GEOSUP, 5
|
| Témata: | |
| Tagy: |
Přidat tag
Žádné tagy, Buďte první, kdo vytvoří štítek k tomuto záznamu!
|
MARC
| LEADER | 00000cam a2200000 a 4500 | ||
|---|---|---|---|
| 001 | UCC4929 | ||
| 003 | CL-VaPUC | ||
| 008 | 180907e20170000bl |||||||||||||||||por|d | ||
| 020 | |a 9788572443111 | ||
| 082 | 0 | 4 | |a 375.006 |b CAS |2 21 |
| 100 | 0 | |a Castellar, Sonia |e author |9 599168 | |
| 245 | 1 | 0 | |a Educacao geográfica: teorias e práticas docentes |
| 250 | |a 3a. ed | ||
| 300 | |a 167 p | ||
| 942 | |c BK | ||
| 945 | |d 20180907 13:03:00 |a dcastane | ||
| 260 | |a Sao Paulo |b Contexto |c 2017 | ||
| 650 | 0 | |a Currículo |9 307290 | |
| 650 | 0 | |a Enseñanza de la geografía |9 310005 | |
| 650 | 0 | |a Práctica docente |9 307872 | |
| 583 | |a last modification |c 20180907 13:03:00 |k Rodrigo Vera | ||
| 490 | 0 | |a GEOSUP, 5 | |
| 999 | |c 372310 |d 372308 | ||
| 952 | |0 0 |1 0 |3 erb |4 0 |6 375_006000000000000_CAS_2017 |7 0 |8 A |9 489874 |a BIBING |b BIBING |i 5493846 |o 375.006 CAS 2017 |p 5493846 |r 2025-01-20 |w 2019-11-24 |y BK |z Catalogado en:20180907 |k GEO | ||